000 00283nam a22001097a 4500
008 230627b xxu||||| |||| 00| 0 eng d
082 _a338.09
_bLEO 1977
245 _aThe Future of the World Economy
260 _aNew York
_bUnited Nations
_c1977
300 _aVII,110p
942 _2ddc
_cBK
999 _c2790
_d2790